000 00579nam a2200181Ia 4500
005 20250114200956.0
008 250113s9999 xx 000 0 und d
020 _a184171206X
041 _aeng
082 _bNo.1
_a12:564:M86
100 _aMendonca, Melanie
245 _aManuscsript Catalogues of the Early Museum Collections 1683-1886 (Part 1) (British Archaeological Reports (Bar) International) (Pt. I)
260 _c31-12-2000
_bBritish Archaeological Reports
300 _a451p.
365 _cRs.
650 _a12:564:M86
700 _aMendonca, Melanie White, Julia
999 _c104741
_d104741